El taijiquan, una forma del kungfu
محفوظ في:
| التنسيق: | كتاب |
|---|---|
| اللغة: | الإسبانية |
| منشور في: |
Beijing
China reconstruye
1983
|
| سلاسل: | Libros de la gran muralla
|
| الموضوعات: | |
| الوسوم: |
إضافة وسم
لا توجد وسوم, كن أول من يضع وسما على هذه التسجيلة!
|
MARC
| LEADER | 00000nam a2200000 a 4500 | ||
|---|---|---|---|
| 001 | UCY9986 | ||
| 003 | CL-VaPUC | ||
| 008 | 950724e19830000CH |||||||||||||||||spa|d | ||
| 082 | 0 | 4 | |a 796.815 |b ELT |2 21 |
| 245 | 1 | 3 | |a El taijiquan, una forma del kungfu |
| 300 | |a 95 p | ||
| 942 | |c BK | ||
| 945 | |d 19950724 00:00:00 |a cmena | ||
| 260 | |a Beijing |b China reconstruye |c 1983 | ||
| 650 | 7 | |a DEPORTE |2 CL-VaPUC |9 342522 | |
| 650 | 7 | |a TAI CHI |2 CL-VaPUC |9 312627 | |
| 650 | 7 | |a DEPORTES DE COMBATE |2 CL-VaPUC |9 341527 | |
| 650 | 0 | |a Terapia |9 334442 | |
| 650 | 7 | |a EJERCICIO |2 CL-VaPUC |9 310040 | |
| 583 | |a last modification |c 19950724 00:00:00 |k Rodrigo Vera | ||
| 490 | 0 | |a Libros de la gran muralla | |
| 999 | |c 236967 |d 236965 | ||
| 952 | |0 0 |1 0 |4 0 |6 796_815000000000000_ELT_1983 |7 0 |8 P |9 245560 |a BIBEDU |b BIBEDU |c BIBEDU_PB |d 2019-11-18 |i 1540130 |o 796.815 ELT 1983 |p 1540130 |r 2024-01-25 |w 2019-11-18 |y BK |k EDU | ||